| 000 | 01606cam a22004337a 4500 | ||
|---|---|---|---|
| 999 |
_c29184 _d29155 |
||
| 001 | 13525305 | ||
| 003 | EG-ScBUE | ||
| 005 | 20210614111645.0 | ||
| 008 | 040316t2006 inua f d 001 0 eng d | ||
| 020 | _a1587201259 | ||
| 020 | _a9781587201257 | ||
| 035 | _a(OCoLC)ocm70006314 | ||
| 035 | _a(OCoLC)70006314 | ||
| 040 |
_aBKL _beng _erda _cBKL _dBAKER _dTXH _dCE@ _dIXA _dYDXCP _dOCLCQ _dDLC _dEG-ScBUE |
||
| 082 | 0 | 4 |
_a621.38 _bCAS _222 |
| 100 | 1 |
_aCastaneda, H. David, _eauthor. |
|
| 245 | 1 | 4 |
_aThe business case for enterprise-class wireless LANs / _cH. David Castenada, Oisin Mac Alasdair, Christopher A.L. Vinckier. |
| 264 | 1 |
_aIndianapolis, Indiana : _bCisco Press, _c[2006] |
|
| 264 | 4 | _cc2006 | |
| 300 |
_axxxv, 414 pages : _billustrations ; _c23 cm. |
||
| 336 |
_2rdacontent _atext _btxt |
||
| 337 |
_2rdamedia _aunmediated _bn |
||
| 338 |
_2rdacarrier _avolume _bnc |
||
| 490 | 0 | _aCisco systems | |
| 500 | _aIncludes index. | ||
| 500 | _aIncludes glossary. | ||
| 650 | 7 |
_aWireless communication systems. _2BUEsh |
|
| 650 | 7 |
_aWireless LANs. _2BUEsh |
|
| 650 | 7 |
_aBusiness enterprises _xComputer networks. _2BUEsh |
|
| 653 |
_bCOMSCI _cJune2021 |
||
| 655 |
_vReading book _934232 |
||
| 700 | 1 |
_aAlasdair, Oisin Mac., _eauthor. |
|
| 700 | 1 |
_aVinckier, Christopher A. L., _eauthor. |
|
| 856 | 4 | 1 |
_3Table of contents only _uhttp://www.loc.gov/catdir/toc/fy0704/2004104127.html |
| 906 |
_a7 _bcbc _ccopycat _d2 _eepcn _f20 _gy-gencatlg |
||
| 942 |
_2ddc _cBB |
||